|
|
|
|
| LEADER |
01671nam a2200337 a 4500 |
| 001 |
35305 |
| 003 |
BD-DhAAL |
| 005 |
20211129123522.0 |
| 008 |
190908t1997 enk d 000 0 eng |
| 999 |
|
|
|c 41151
|d 41151
|
| 010 |
|
|
|a 96030091
|
| 020 |
|
|
|a 0521414210 (hardback)
|
| 020 |
|
|
|a 9780521670395
|
| 020 |
|
|
|a 052167039X
|
| 040 |
|
|
|a DLC
|c DLC
|d DLC
|d WaU
|d DLC
|d BD-DhAAL
|
| 050 |
0 |
0 |
|a QK11
|b .M29 1997
|
| 082 |
0 |
0 |
|a 580.14
|2 21
|
| 100 |
1 |
|
|a Mabberley, D. J.
|9 34195
|
| 245 |
1 |
4 |
|a The plant-book :
|b a portable dictionary of the vascular plants utilizing Kubitzki's The families and genera of vascular plants (1990-), Cronquist's An integrated system of classification of flowering plants (1981), and current botanical literature, arranged largely on the principles of editions 1-6 (1896/97-1931) of Willis's A dictionary of the flowering plants and ferns /
|c D.J. Mabberley.
|
| 246 |
3 |
|
|a Plant book
|
| 250 |
|
|
|a Second edition, completely rev., with almost 2500 additional new entries.
|
| 260 |
|
|
|a Cambridge, United Kingdom ;
|a New York :
|b Cambridge University Press,
|c c1997.
|
| 300 |
|
|
|a xvi, 858 pages ;
|c 22 cm.
|
| 526 |
|
|
|a BIED
|
| 541 |
|
|
|a Complimentary copy from BIED
|e 35305
|
| 650 |
|
0 |
|a Plants
|x Nomenclature.
|9 34196
|
| 650 |
|
0 |
|a Plant names, Popular
|v Dictionaries.
|9 34197
|
| 650 |
|
0 |
|a English language
|x Dictionaries
|x Latin, Medieval and modern.
|9 34198
|
| 852 |
|
|
|a Ayesha Abed Library
|c General Stacks
|
| 942 |
|
|
|2 ddc
|c BK
|
| 952 |
|
|
|0 0
|1 0
|2 ddc
|4 0
|6 580_140000000000000_MAB
|7 0
|9 66181
|a BRACUL
|b BRACUL
|c GEN
|d 2019-09-08
|e Complimentary copy from BIED
|l 0
|o 580.14 MAB
|p 3010035305
|r 2019-09-08
|t 1
|w 2019-09-08
|y BK
|x Transferred from BIED to General Stacks
|